01387nam a2200265Ia 4500001000600000003000900006008004100015040001300056040001300069041001300082100001900095100002900114240005500143240003500198245005700233245005600290250001100346260001100357260001600368260004900384300004300433500058800476650002601064650003101090 1125IT-RoPAU130308s9999 xx 000 0 und d aIT-RoPAU cIT-RoPAU aITALIANO aSearle John R. gCodice Aut. SPICS: 1390 aSPEECH ACTS-AN ESSAY IN THE PHILOSOPHY OF LANGUAGE gCodice Tit. Orig. Spics: T0790 aAtti linguistici-Saggio di filosofia del linguaggio  bAtti Linguistici-Saggio di Filosofia del Linguaggio a1a ed. aTORINO bBoringhieri c1976 [1° Ed.:1976 - Ed.Ling.Originale:1969] a"264 p. (prefazione: no ; testo: 264)" aTeoria degli Atti Linguistici Applicazioni della Teoria degli Atti Linguistici Caratterizzazioni Linguistiche Principio dell'Esprimibilità Espressioni Significato e Atti Linguistici Predicazione Proposizioni Fatti Linguistici Struttura degli Atti Illocutivi forza Illocutiva Riferimento Come Atto Linguistico Uso e Menzione Assiomi del Riferimento Principio di Identificazione Concetto e Oggetto Secondo Frege Nominalismo e Universali Predicati e Universali Errori della Filosofia Contemporanea Asserzione Significato Come Uso Teoria delle Descrizioni Derivazione di dovrebbe da E' aFILOSOFIA LINGUISTICA eCodice materia Spics: 3101